Художня структура та мотиви авторських казок Оскара Уайльда та Отфріда Пройслера (Запис № 285948)

МАРК-запис
000 -Лідер
fixed length control field 02101nam a22002297a 4500
001 - Контрольний номер
control field 216222734
003 - Ідентифікатор контрольного номера
control field UA-OsUOA
005 - Дата та час останнього входження (трансакції)
control field 20220825141248.0
008 - Елементи даних фіксованої довжини – загальна інформація
fixed length control field 220825b un ||||f |||| 00| 0 ukr d
040 ## - Джерело каталогізації
Агенція оригінальної каталогізації UA-OsUOA
Мова каталогізації ukr
Агенція, яка здійснювала перезапис UA-OsUOA
Агенція, яка здійснювала модифікацію UA-OsUOA
041 ## - Код мови
Код мови тексту/ звукової доріжки чи окремого заголовка (П) ukr
080 ## - Індекс Універсальної десяткової класифікації
Індекс Універсальної десяткової класифікації (УДК) (НП) 82
090 ## - Локальний шифр розміщення
Класифікаційний індекс УДК 82
Авторський знак (НП) Г61
100 ## - Основне введення – ім’я особи
Ім’я особи (НП) Головачук А. В.
245 ## - Відомості про назву
Назва (НП) Художня структура та мотиви авторських казок Оскара Уайльда та Отфріда Пройслера
Дані про відповідальність (НП) Головачук А. В.
260 ## - Публікація, розповсюдження і т.п. (Вихідні дані)
Місце публікації, розповсюдження і т.п. (П) Острог
Ім’я/ наймення видавництва, розповсюджувача і т.п. (П) КАФ
Дата публікації, розповсюдження і т.п. (П) 2017
300 ## - Фізичний опис
Обсяг 72 с.
520 ## - Резюме і т.п.
Резюме, реферат, анотація, тощо (НП) Вступ.<br/>Розділ І. Жанр казки в літературознавчих дослідженнях.<br/>1.1. Провідні напрями досліджень казки у європейській та вітчизняній фольклористиці<br/>1.2. Стильові особливості і різновиди народної казки<br/>1.3. Жанрово-структурні особливості літературної казки<br/>Розділ ІІ. Твори О. Уайльда та О. Пройслера у західно-європейському дискурсі казки.<br/>2.1. О. Уайльд: казки як втілення парадоксальних естетичних ідей<br/>2.2. О. Пройслер: відображення авторського світогляду в казках<br/>Розділ ІІІ. Структурні і сюжетоутворюючі мотиви казок О. Уайльда та О. Пройслера.<br/>3.1. Аналіз казок зі збірки О. Уайльда "Гранатовий будиночок"<br/>3.2. Аналіз казок О. Пройслера "Маленька Баба-яга", "Маленький Водяничок", "Маленьке Привиденя"<br/>Висновки.<br/>Список використаних джерел.
650 ## - Додаткове предметне введення – тематичний термін
Тематичний термін чи географічна назва, як елемент введення (НП) 82 Художня література. Літературознавство
Джерело заголовка чи терміна UDC
942 ## - Додаткові елементи входу (Коха)
Тип елемента Koha Книги
Source of classification or shelving scheme Universal Decimal Classification
955 ## - Код типу видання за змістом
Код типу видання за змістом (НП) Наукові видання
Фонди
Стан вилучень Стан втрат Джерело класифікації або схеми стелажів Стан уражень Не для кредиту Постійне місце розташування Поточне розміщення Дата придбання Джерело придбання Вартість, звичайна ціна покупки Повний номер виклику Штрих-код Дата останнього перегляду Вартість, ціна заміни Ціна ефективна від Тип елемента Koha Примітка, призначена для загального доступу
    Universal Decimal Classification     ВІЛ - Відділ іноземн. літератури НБ ВІЛ - Відділ іноземн. літератури НБ 27/06/2017 Акт №02/17 1.00 82 Г61 216024 10/11/2021 1.00 27/06/2017 Книги Дипломна робота (бакалавр)